| 000 | 00855nam a2200241 i 4500 | ||
|---|---|---|---|
| 001 | 124298 | ||
| 003 | ES-MaACL | ||
| 005 | 20230906192350.0 | ||
| 007 | t| | ||
| 008 | 070525s1993 sp |||| | spa d | ||
| 020 | _a2-907494-04-X | ||
| 080 | _a017.1 (436.1 P.) | ||
| 080 | _a016:791.43 | ||
| 080 | _a791.43(436.1 P.) | ||
| 110 | 2 |
_aVidèothèque de Paris. _97556 |
|
| 245 | 1 | 0 |
_aParis en images _b: de 1895 á 1993 : á travers 4500 films de cinéma et de télévision ... : catalogue 1993 / _cVidéothèque de Paris, Mairie de Paris. |
| 260 |
_aParis : _bVidéothèque de Paris, _c[1993] |
||
| 300 |
_a598 p. : _bil. ; _c30 cm. |
||
| 610 | 2 | 4 |
_aVidéothèque de Paris- _vCatálogos. _9165009 |
| 650 | 4 |
_aCine- _zFrancia. _9171026 |
|
| 651 | 4 |
_aParís- _xEn el cine. _99208 |
|
| 852 |
_aES-MaACL _jC-43948 _z- Biblioteca Jacinto Martínez Lacalle |
||
| 999 |
_c124298 _d124298 |
||